[Event "Torneo Zonale spareggio"]
[Site "Milano ITA"]
[Date "1975.07.21"]
[Round "1"]
[White "Mariotti, Sergio"]
[Black "Durao, Joaquim Manuel"]
[WhiteElo "2495"]
[BlackElo "2350"]
[Result "1-0"]
[PlyCount "93"]
[EventDate "1975.07.21"]

1. b3 b6 2. Bb2 Bb7 3. Nf3 Nf6 4. e3 e6 5. Be2 Be7 6. O-O O-O 7. d3 c5 8. Nbd2
Nc6 9. Re1 d6 10. c4 Qc7 11. a3 Nd7 12. d4 e5 13. d5 Nd8 14. e4 g6 15. Bd3 Nf6
16. Nf1 Nh5 17. Bc1 f6 18. b4 Nf7 19. Ng3 Nf4 20. Bf1 Bc8 21. Qb3 Bg4 22. h3
Bd7 23. Nh2 Rae8 24. Rb1 Nh6 25. Ne2 g5 26. g4 Nf7 27. Ng3 Nh8 28. Be3 Nhg6 29.
bxc5 dxc5 30. a4 Bd6 31. Nf5 h5 32. a5 Rb8 33. Qa3 Bxf5 34. exf5 Ne7 35. axb6
Rxb6 36. Bxf4 gxf4 37. Qf3 Rf7 38. Bd3 Rg7 39. Kh1 h4 40. Qe2 Nc8 41. Nf3 Bf8
42. g5 e4 43. Bxe4 fxg5 44. Rxb6 Qxb6 45. d6 Qxd6 46. Bd5+ Kh8 47. Qe8 1-0